| 000 | 02274nam a2200421 c 4500 | ||
|---|---|---|---|
| 003 | BLK | ||
| 005 | 20240919160823.0 | ||
| 008 | 180408b bul|||||r ||||||| ||bul|| | ||
| 010 | _aKNG00071541000 | ||
| 020 |
_a954-323-226-1 _bиздат.: Авангард Прима |
||
| 040 | _aBLK | ||
| 041 |
_aBUL _cBUL |
||
| 080 |
_aЦивилизация. Култура. Прогрес. История на културата вж 930.85 _b008 _x.001 _z008.001 |
||
| 080 |
_aСоциология на комуникацията. Социология на средствата за масови комуникации, за масова култура и пропаганда. Аудиовизия(социол. аспекти) _b316.77 _x _z316.77 |
||
| 080 |
_aОблекло. Носия. Мода. Накит. Вж и 613.4 ; 646 ; 687 _b391 _x.001 _z391.001 |
||
| 100 | 1 |
_aСтойков, Любомир Димчев _eпърви автор _9364233 |
|
| 700 |
_aЦветкова, Милена Иванова _9368612 |
||
| 139 |
_aСтойков, Любомир Димчев _bС 78 |
||
| 245 | 1 | 0 |
_aКултура и медии _cЛюбомир Димчев Стойков; науч. ред. Милена Иванова Цветкова. |
| 257 | _aBGR | ||
| 260 |
_аСофия _bАвангард Прима _c2006 |
||
| 300 |
_a464 с. _c21 см |
||
| 380 | _a0 | ||
| 500 | _aИзд. на СУ Св. Климент Охридски. Фак. по журналистика и масови комуникации. Кат. История и теория на журналистиката. - Библиогр. с. 439-455 ; Рез. на англ. ез. ; Именен показалец, предм. показалец | ||
| 504 | _a439-455 | ||
| 650 | 4 |
_aКултура _9159819 |
|
| 650 | 4 |
_aСредства за масова информация _9270560 |
|
| 650 | 4 |
_aЖурналистика _9155638 |
|
| 653 | _aкултура | ||
| 653 | _aсредства за масова информация | ||
| 653 | _aжурналистика | ||
| 852 | _aЦб 231418 | ||
| 856 | 4 |
_qpdf _u |
|
| 856 | 4 |
_qpdf _u |
|
| 942 |
_cKNG _n0 |
||
| 944 |
_aCR _c13.02.2007 _k30550 _lКети Илиева |
||
| 944 |
_aED _c22.12.2017 _kВиолета_Тройчева |
||
| 999 |
_c67231 _d67231 |
||